| 000 | 00400nam a2200145Ia 4500 | ||
|---|---|---|---|
| 008 | 210716s9999 xx 000 0 und d | ||
| 041 | _aeng | ||
| 082 | _a006.42 DILP | ||
| 100 | _aDillon, Patrick M; Leonard, David C. | ||
| 245 | _aMultimedia and the web from a to z. | ||
| 250 | _a2 | ||
| 260 |
_aHyderabad _bUniversities Press |
||
| 300 | _axxvii,355 | ||
| 650 | _aGraphics ProgramMultimedia Sys | ||
| 999 |
_c184004 _d184004 |
||